[Event "Titled Tuesday intern op 20th May Late"]
[Site "Chess.com INT"]
[Date "2025.05.20"]
[Round "9"]
[White "Gubajdullin, Alexey"]
[Black "Yilmaz, Baver"]
[Result "0-1"]
[WhiteElo "2227"]
[BlackElo "2233"]
[PlyCount "104"]
[EventDate "2025.05.20"]
[EventType "swiss (blitz)"]
[EventRounds "11"]
[EventCountry "USA"]
[SourceTitle "CB22_2025"]
[SourceDate "2025.05.28"]
[SourceVersion "1"]
[SourceVersionDate "2025.05.28"]
[SourceQuality "1"]

1. Nf3 Nf6 2. g3 g6 3. Bg2 Bg7 4. 0-0 0-0 5. d3 d5 6. Nbd2 c5 7. e4 Nc6 8. c3 e6 9. a4 b6 10. Re1 Bb7 11. Qe2 Qd7 12. Nf1 a5 13. e5 Ng4 14. Bf4 Nh6 15. h3 Rae8 16. g4 Kh8 17. Ng3 Ng8 18. h4 f6 19. h5 g5 20. Bd2 h6 21. d4 fxe5 22. Nxe5 Nxe5 23. dxe5 Rf7 24. Qb5 Qc7 25. Qxe8 Bc8 26. Qb5 c4 27. Be3 Qxe5 28. Qxb6 Qf6 29. Bd4 Qf4 30. Bxg7+ Rxg7 31. Qd4 Qf8 32. Re5 Kh7 33. Rae1 Qf7 34. Qc5 Bd7 35. Qd6 Nf6 36. Rxe6 Bxe6 37. Rxe6 Nxg4 38. f3 Qa7+ 39. Kh1 Nf2+ 40. Kh2 Qc7 41. Rxh6+ Kg8 42. Qe6+ Qf7 43. Qc8+ Qf8 44. Rh8+ Kxh8 45. Qxf8+ Kh7 46. Qf5+ Kg8 47. Qxd5+ Kh7 48. Nf5 Ra7 49. Qe6 Nd3 50. Qg6+ Kh8 51. Nh6 Rg7 52. Qf6 Nf4 0-1

[Event "RUS-chT2"]
[Site "Sochi"]
[Date "2025.04.29"]
[Round "4.4"]
[White "Gubajdullin, Alexey"]
[Black "Yakovenko, Artem"]
[Result "0-1"]
[WhiteElo "2227"]
[BlackElo "1984"]
[PlyCount "96"]
[EventDate "2025.04.26"]
[EventType "team-swiss"]
[EventRounds "9"]
[EventCountry "RUS"]
[SourceTitle "CB19_2025"]
[SourceDate "2025.05.07"]
[SourceVersion "1"]
[SourceVersionDate "2025.05.07"]
[SourceQuality "1"]
[WhiteTeam "Vladimirsk Region"]
[BlackTeam "Kuban Krasnodarsk Region"]
[WhiteTeamCountry "RUS"]
[BlackTeamCountry "RUS"]

1. Nf3 Nf6 2. g3 d5 3. Bg2 e6 4. b3 Be7 5. 0-0 0-0 6. e3 b5 7. c4 c6 8. Qc2 Bb7 9. Nc3 a6 10. a4 b4 11. Ne2 a5 12. c5 Nbd7 13. d4 Ba6 14. Rd1 Ne4 15. Bb2 f5 16. Nf4 Kf7 17. g4 g6 18. Ne1 Nef6 19. h3 Qc7 20. Ned3 Rae8 21. g5 Ne4 22. f3 Nxg5 23. h4 h6 24. hxg5 hxg5 25. Nh3 Rh8 26. Ne5+ Nxe5 27. dxe5 Rh6 28. Nf2 Reh8 29. Bd4 Qc8 30. Bf1 Bb7 31. e4 Qg8 32. exf5 gxf5 33. Bd3 g4 34. fxg4 fxg4 35. Be2 g3 36. Ng4 Rh1+ 37. Kg2 R1h2+ 38. Nxh2 Rxh2+ 39. Kg1 Qh8 40. Rf1+ Kg7 41. Rf6 Bxf6 42. exf6+ Kf7 43. Qd3 Rh1+ 44. Kg2 Qh3+ 45. Kf3 g2+ 46. Kf2 Qh2 47. Bh5+ Kf8 48. Ke3 Rxa1 0-1

[Event "Titled Tuesday intern op 25th Feb Early"]
[Site "Chess.com INT"]
[Date "2025.02.25"]
[Round "8"]
[White "Gubajdullin, Alexey"]
[Black "Bodnar, Nikolay"]
[Result "1-0"]
[WhiteElo "2238"]
[BlackElo "2429"]
[PlyCount "83"]
[EventDate "2025.02.25"]
[EventType "swiss (blitz)"]
[EventRounds "11"]
[EventCountry "USA"]
[SourceTitle "CB10_2025"]
[SourceDate "2025.03.05"]
[SourceVersion "1"]
[SourceVersionDate "2025.03.05"]
[SourceQuality "1"]

1. Nf3 Nf6 2. g3 b5 3. Bg2 Bb7 4. 0-0 e6 5. d3 c5 6. Nbd2 Be7 7. e4 d6 8. a4 a6 9. e5 dxe5 10. Nxe5 Bxg2 11. Kxg2 Nbd7 12. Nc6 Qc8 13. Nxe7 Kxe7 14. Re1 Rd8 15. Qf3 Kf8 16. Nb3 Kg8 17. Bg5 c4 18. dxc4 bxc4 19. Na5 Qc5 20. Bxf6 Nxf6 21. Nb7 Qb4 22. Nxd8 Rxd8 23. Red1 Nd5 24. b3 c3 25. a5 g6 26. Ra4 Qb5 27. Rdd4 Kg7 28. h4 Rc8 29. h5 f5 30. hxg6 hxg6 31. Rh4 e5 32. Ra1 e4 33. Qd1 Qc5 34. Qh1 Nf6 35. Rd1 e3 36. Rh7+ Nxh7 37. Rd7+ Kf6 38. Qxh7 Qc6+ 39. Kh2 Qe6 40. Qh4+ g5 41. Qh6+ Ke5 42. f4+ 1-0

[Event "Titled Tuesday intern op 04th Feb Early"]
[Site "Chess.com INT"]
[Date "2025.02.04"]
[Round "8"]
[White "Bachmann, Axel"]
[Black "Gubajdullin, Alexey"]
[Result "1-0"]
[WhiteElo "2570"]
[BlackElo "2238"]
[PlyCount "55"]
[EventDate "2025.02.04"]
[EventType "swiss (blitz)"]
[EventRounds "11"]
[EventCountry "USA"]
[SourceTitle "CB07_2025"]
[SourceDate "2025.02.12"]
[SourceVersion "1"]
[SourceVersionDate "2025.02.12"]
[SourceQuality "1"]

1. e4 c5 2. Nf3 d6 3. c3 Nf6 4. h3 g6 5. Bd3 Bg7 6. 0-0 0-0 7. Bc2 Nc6 8. d4 cxd4 9. cxd4 Nb4 10. Bb3 d5 11. e5 Ne4 12. Nc3 Bf5 13. Be3 Rc8 14. Rc1 Qa5 15. Nh4 Be6 16. Nxe4 dxe4 17. Bxe6 fxe6 18. Qb3 Nd5 19. Qxb7 Rxc1 20. Bxc1 Qa4 21. Bg5 Qxd4 22. Bxe7 Re8 23. Bd6 e3 24. Nf3 exf2+ 25. Rxf2 Qd1+ 26. Rf1 Qe2 27. Ng5 Qe3+ 28. Kh1 1-0

[Event "Titled Tuesday intern op 04th Feb Late"]
[Site "Chess.com INT"]
[Date "2025.02.04"]
[Round "1"]
[White "Gubajdullin, Alexey"]
[Black "Fernandez Siles, Luis"]
[Result "1-0"]
[WhiteElo "2238"]
[BlackElo "2189"]
[PlyCount "65"]
[EventDate "2025.02.04"]
[EventType "swiss (blitz)"]
[EventRounds "11"]
[EventCountry "USA"]
[SourceTitle "CB07_2025"]
[SourceDate "2025.02.12"]
[SourceVersion "1"]
[SourceVersionDate "2025.02.12"]
[SourceQuality "1"]

1. Nf3 Nf6 2. g3 g6 3. Bg2 Bg7 4. 0-0 0-0 5. d3 c5 6. Nbd2 Nc6 7. e4 d6 8. Nc4 Bg4 9. Ne3 Bxf3 10. Bxf3 Rb8 11. Bg2 b5 12. f4 Qc8 13. g4 e6 14. g5 Nd7 15. f5 exf5 16. exf5 Be5 17. Nd5 f6 18. Qg4 fxg5 19. Qxg5 Bf6 20. Nxf6+ Rxf6 21. Bd5+ Kh8 22. Be6 Nce5 23. Qxf6+ Nxf6 24. Bxc8 Rxc8 25. fxg6 Nd5 26. gxh7 Nb4 27. Rf2 Rc7 28. Bf4 Rg7+ 29. Kh1 Ng4 30. Re2 Nd5 31. Bxd6 Rg6 32. Bxc5 Nf4 33. Re7 1-0

[Event "Titled Tuesday intern op 04th Feb Early"]
[Site "Chess.com INT"]
[Date "2025.02.04"]
[Round "7"]
[White "Gubajdullin, Alexey"]
[Black "Maksimovic, Bojan"]
[Result "1-0"]
[WhiteElo "2238"]
[BlackElo "2505"]
[PlyCount "79"]
[EventDate "2025.02.04"]
[EventType "swiss (blitz)"]
[EventRounds "11"]
[EventCountry "USA"]
[SourceTitle "CB07_2025"]
[SourceDate "2025.02.12"]
[SourceVersion "1"]
[SourceVersionDate "2025.02.12"]
[SourceQuality "1"]

1. Nf3 a6 2. g3 g6 3. Bg2 Bg7 4. 0-0 d6 5. d3 Bd7 6. Nbd2 Qc8 7. e4 Nc6 8. Nc4 Bh3 9. Ne3 h5 10. Nd5 Bxg2 11. Kxg2 Nf6 12. h3 e6 13. Nxf6+ Bxf6 14. d4 Qd7 15. Re1 d5 16. e5 Be7 17. Bg5 0-0-0 18. Qd2 Rdf8 19. Bf6 Bxf6 20. exf6 Kb8 21. Qf4 Qd6 22. Qg5 Ka8 23. c3 Nb8 24. a4 Nd7 25. b4 Nb6 26. Ne5 Nc4 27. Nxc4 dxc4 28. b5 Rd8 29. Re5 a5 30. Rc5 Kb8 31. Re1 Rd7 32. Ree5 Rhd8 33. Rxc4 Qa3 34. Rec5 b6 35. Rc6 Rc8 36. Qf4 Kb7 37. Qe4 Kb8 38. Qf3 Rd5 39. Qf4 Rd7 40. Rxb6+ 1-0

[Event "Titled Tuesday intern op 04th Feb Early"]
[Site "Chess.com INT"]
[Date "2025.02.04"]
[Round "10"]
[White "Slade, Theodore Luke"]
[Black "Gubajdullin, Alexey"]
[Result "0-1"]
[WhiteElo "2085"]
[BlackElo "2238"]
[PlyCount "138"]
[EventDate "2025.02.04"]
[EventType "swiss (blitz)"]
[EventRounds "11"]
[EventCountry "USA"]
[SourceTitle "CB07_2025"]
[SourceDate "2025.02.12"]
[SourceVersion "1"]
[SourceVersionDate "2025.02.12"]
[SourceQuality "1"]

1. Nf3 Nf6 2. c4 g6 3. d4 Bg7 4. Nc3 0-0 5. e4 d6 6. Be2 Na6 7. 0-0 e5 8. Be3 c6 9. d5 Ng4 10. Bg5 f6 11. Bd2 c5 12. Ne1 Nh6 13. Nd3 Nb4 14. a3 Nxd3 15. Bxd3 f5 16. f3 f4 17. b4 b6 18. bxc5 dxc5 19. a4 Nf7 20. a5 Bd7 21. axb6 axb6 22. Rxa8 Qxa8 23. Qa1 Nd6 24. Qb2 Rb8 25. Ra1 Qb7 26. Rb1 g5 27. Be1 h5 28. Bf2 Qc8 29. Qa2 g4 30. Qa7 Rb7 31. Qa6 Qc7 32. Bh4 Kf7 33. Ra1 Bf6 34. Bxf6 Kxf6 35. Kh1 g3 36. Qa8 Be8 37. h3 Nc8 38. Kg1 Bd7 39. Bf1 Ra7 40. Rxa7 Qxa7 41. Qxa7 Nxa7 42. Bd3 Nc8 43. Bc2 Nd6 44. Bb3 Ke7 45. Kf1 Kd8 46. Ke2 Kc7 47. Kd3 Kb7 48. Ba4 Bc8 49. Bb5 Kc7 50. Kc2 Nf7 51. Be8 Nd6 52. Bb5 h4 53. Kd3 Nf7 54. Ke2 Ng5 55. Kf1 Bxh3 56. gxh3 Nxf3 57. Ba4 Nd2+ 58. Kg1 f3 59. Nd1 Nxe4 60. Bc2 Nd2 61. Bd3 e4 62. Bf1 Kd6 63. Ne3 Ke5 64. Ng4+ Kf4 65. d6 e3 66. d7 e2 67. Bxe2 fxe2 68. d8Q e1Q+ 69. Kg2 Qf1# 0-1

[Event "Titled Tuesday intern op 28th Jan Early"]
[Site "Chess.com INT"]
[Date "2025.01.28"]
[Round "6"]
[White "Gubajdullin, Alexey"]
[Black "Helmer, Jan"]
[Result "1/2-1/2"]
[WhiteElo "2238"]
[BlackElo "2221"]
[PlyCount "137"]
[EventDate "2025.01.28"]
[EventType "swiss (blitz)"]
[EventRounds "11"]
[EventCountry "USA"]
[SourceTitle "CB06_2025"]
[SourceDate "2025.02.05"]
[SourceVersion "1"]
[SourceVersionDate "2025.02.05"]
[SourceQuality "1"]

1. Nf3 Nf6 2. g3 b6 3. Bg2 Bb7 4. 0-0 g6 5. d3 Bg7 6. Nbd2 0-0 7. e4 d6 8. e5 dxe5 9. Nxe5 Bxg2 10. Kxg2 Qd5+ 11. Qf3 Qxf3+ 12. Ndxf3 Nfd7 13. Re1 Nxe5 14. Nxe5 e6 15. Bf4 Rd8 16. b4 Nd7 17. Rab1 Nxe5 18. Bxe5 Bxe5 19. Rxe5 c6 20. a4 Rd5 21. Re4 c5 22. b5 Rad8 23. Ra1 Rd4 24. a5 Rxe4 25. dxe4 Rd4 26. axb6 axb6 27. Ra6 Rxe4 28. Rxb6 Rc4 29. Kf3 Rxc2 30. Ke3 Kg7 31. Rc6 Kf6 32. Rc7 h5 33. h4 e5 34. Rc6+ Kf5 35. b6 Rb2 36. Kd3 Rb4 37. f3 f6 38. Kc3 g5 39. hxg5 fxg5 40. Rh6 h4 41. gxh4 gxh4 42. Kd3 h3 43. Rxh3 Rxb6 44. Rh8 Rb3+ 45. Ke2 Ke6 46. Re8+ Kd5 47. Rd8+ Kc4 48. Re8 Kd4 49. Rd8+ Kc3 50. Re8 c4 51. Rxe5 Rb2+ 52. Ke3 Rb1 53. Rc5 Re1+ 54. Kf4 Re8 55. Kg4 Kd3 56. f4 c3 57. f5 Re4+ 58. Kg5 Rc4 59. Rd5+ Ke4 60. Rd1 c2 61. Rc1 Rc5 62. Kg6 Kd3 63. f6 Kd2 64. Rxc2+ Kxc2 65. f7 Rc6+ 66. Kg7 Rc7 67. Kg8 Rc8+ 68. f8Q Rxf8+ 69. Kxf8 1/2-1/2

[Event "Titled Tuesday intern op 28th Jan Early"]
[Site "Chess.com INT"]
[Date "2025.01.28"]
[Round "5"]
[White "Vasques, Antonio Pedro Freix"]
[Black "Gubajdullin, Alexey"]
[Result "0-1"]
[WhiteElo "2238"]
[BlackElo "2238"]
[PlyCount "30"]
[EventDate "2025.01.28"]
[EventType "swiss (blitz)"]
[EventRounds "11"]
[EventCountry "USA"]
[SourceTitle "CB06_2025"]
[SourceDate "2025.02.05"]
[SourceVersion "1"]
[SourceVersionDate "2025.02.05"]
[SourceQuality "1"]

1. e4 c5 2. Nf3 d6 3. Bb5+ Nd7 4. 0-0 a6 5. Bd3 Ngf6 6. Re1 e6 7. c3 Be7 8. Bc2 c4 9. d4 cxd3 10. Qxd3 0-0 11. Bg5 b6 12. Na3 Bb7 13. Rad1 Nc5 14. Qe2 Nfxe4 15. Bxe7 Qxe7 0-1

[Event "Titled Tuesday intern op 07th Jan Early"]
[Site "Chess.com INT"]
[Date "2025.01.07"]
[Round "1"]
[White "Gubajdullin, Alexey"]
[Black "Calderon, Zachary"]
[Result "1-0"]
[WhiteElo "2238"]
[BlackElo "2027"]
[PlyCount "141"]
[EventDate "2025.01.07"]
[EventType "swiss (blitz)"]
[EventRounds "11"]
[EventCountry "USA"]
[SourceTitle "CB03_2025"]
[SourceDate "2025.01.15"]
[SourceVersion "1"]
[SourceVersionDate "2025.01.15"]
[SourceQuality "1"]

1. Nf3 c5 2. g3 b6 3. Bg2 Bb7 4. 0-0 e6 5. d3 Nf6 6. e4 d5 7. e5 Nfd7 8. Re1 Be7 9. h4 Nc6 10. Nbd2 Qc7 11. Qe2 h6 12. Nf1 g5 13. hxg5 hxg5 14. N1h2 0-0-0 15. Ng4 d4 16. c4 Rh5 17. a3 Rdh8 18. Bd2 Bf8 19. b4 Bg7 20. bxc5 Ncxe5 21. cxb6 Nxf3+ 22. Bxf3 Rh1+ 23. Kg2 Rxe1 24. Rxe1 axb6 25. Rh1 Rxh1 26. Kxh1 Bxf3+ 27. Qxf3 Qb7 28. Qxb7+ Kxb7 29. Bxg5 Nc5 30. Bh6 Bxh6 31. Nxh6 Nxd3 32. Nxf7 Nxf2+ 33. Kg2 Ne4 34. Kf3 d3 35. Ne5 d2 36. Ke2 Nxg3+ 37. Kxd2 Nf5 38. Kc3 Nd6 39. Kd4 Kc7 40. Nd3 Nb7 41. Ke5 Kd7 42. Kd4 Kd6 43. Ne5 Nc5 44. Nf7+ Ke7 45. Ng5 Kd6 46. Nf3 Nb3+ 47. Kc3 Nc5 48. Kb4 Nd3+ 49. Kb5 Nb2 50. Nd2 Kc7 51. Ne4 Nd3 52. Ng5 e5 53. Ne4 Kb7 54. Nc3 Kc7 55. Nd5+ Kb7 56. Nxb6 e4 57. Nd5 Nb2 58. c5 Nd1 59. c6+ Kc8 60. Kb6 Nb2 61. Ne7+ Kd8 62. c7+ Kxe7 63. c8Q Na4+ 64. Ka5 Nb2 65. Qf5 Nc4+ 66. Kb4 Nd6 67. Qe5+ Kd7 68. Kc5 Nb7+ 69. Kd5 Na5 70. Qxe4 Nc6 71. Qe6+ 1-0

[Event "Titled Tuesday intern op 07th Jan Early"]
[Site "Chess.com INT"]
[Date "2025.01.07"]
[Round "9"]
[White "Gubajdullin, Alexey"]
[Black "Nguyen, Ngoc Truong Son"]
[Result "0-1"]
[WhiteElo "2238"]
[BlackElo "2632"]
[PlyCount "160"]
[EventDate "2025.01.07"]
[EventType "swiss (blitz)"]
[EventRounds "11"]
[EventCountry "USA"]
[SourceTitle "CB03_2025"]
[SourceDate "2025.01.15"]
[SourceVersion "1"]
[SourceVersionDate "2025.01.15"]
[SourceQuality "1"]

1. Nf3 Nf6 2. g3 g6 3. Bg2 Bg7 4. 0-0 0-0 5. d3 d5 6. Nbd2 Nc6 7. e4 dxe4 8. dxe4 e5 9. c3 Be6 10. h3 h6 11. Qe2 Nd7 12. Nc4 Nc5 13. Rd1 Bxc4 14. Qe1 Qe7 15. b3 Ba6 16. Ba3 Rfd8 17. Qe3 Bf8 18. Nh2 b6 19. Ng4 h5 20. Nh2 Rxd1+ 21. Rxd1 Rd8 22. Re1 Rd3 23. Qc1 Nxb3 24. Bxe7 Nxc1 25. Bxf8 Ne2+ 26. Kh1 Kxf8 27. Bf1 Rd2 28. a4 Bd3 29. Nf3 Bxe4 30. Kg2 Bxf3+ 31. Kxf3 Nxc3 32. Rc1 Nd4+ 33. Ke3 Rd1 34. Rxc3 Rxf1 35. Rxc7 Re1+ 36. Kd3 Ra1 37. Rxa7 b5 38. Ra8+ Kg7 39. Re8 bxa4 40. Rxe5 Rd1+ 41. Kc3 a3 42. Ra5 Nb5+ 43. Kc4 Rb1 44. f4 Rb2 45. g4 h4 46. f5 gxf5 47. gxf5 a2 48. Kd3 Rb3+ 49. Kc2 Ra3 50. Rxa3 Nxa3+ 51. Kb2 Nc4+ 52. Kxa2 Kf6 53. Kb3 Nd6 54. Kc3 Kxf5 55. Kd4 Ne4 56. Ke3 Ng5 57. Kf2 Kf4 58. Kg2 f5 59. Kh2 Ke4 60. Kg2 f4 61. Kh2 f3 62. Kh1 Kf4 63. Kh2 Ke3 64. Kh1 Kf2 65. Kh2 Ne4 66. Kh1 Kg3 67. Kg1 f2+ 68. Kf1 Nd2+ 69. Ke2 f1Q+ 70. Kxd2 Kxh3 71. Ke3 Kg3 72. Ke4 h3 73. Ke5 h2 74. Ke6 h1Q 75. Ke7 Qhg2 76. Ke8 Qge2+ 77. Kd7 Qfd1+ 78. Kc6 Qec2+ 79. Kb5 Qdb1+ 80. Ka5 Qca2# 0-1

[Event "Titled Tuesday intern op 26th Nov Late"]
[Site "Chess.com INT"]
[Date "2024.11.26"]
[Round "10"]
[White "Gubajdullin, Alexey"]
[Black "Schulz, Karsten"]
[Result "1-0"]
[WhiteElo "2238"]
[BlackElo "2165"]
[PlyCount "119"]
[EventDate "2024.11.26"]
[EventType "swiss (blitz)"]
[EventRounds "11"]
[EventCountry "USA"]
[SourceTitle "CB49_2024"]
[SourceDate "2024.12.04"]
[SourceVersion "1"]
[SourceVersionDate "2024.12.04"]
[SourceQuality "1"]

1. Nf3 g6 2. g3 Bg7 3. Bg2 c5 4. 0-0 Nc6 5. d3 e5 6. Nbd2 Nge7 7. e4 0-0 8. Nc4 d6 9. Bg5 h6 10. Bxe7 Qxe7 11. Ne3 Be6 12. Nd5 Bxd5 13. exd5 Nd4 14. Nxd4 cxd4 15. c4 dxc3 16. bxc3 Rac8 17. c4 f5 18. Rb1 b6 19. a4 Kh7 20. a5 Rb8 21. axb6 Rxb6 22. Rxb6 axb6 23. Qb3 Qc7 24. Rb1 Rb8 25. Qb5 Qe7 26. Qc6 Qd8 27. h4 h5 28. Bf3 Qe7 29. Rxb6 Rxb6 30. Qxb6 Bf8 31. Bd1 e4 32. Bc2 exd3 33. Bxd3 Bg7 34. Kg2 f4 35. c5 f3+ 36. Kxf3 Qf6+ 37. Kg2 dxc5 38. Qxc5 Bf8 39. Qc7+ Be7 40. Qc8 Kg7 41. Qe8 Bd6 42. Be4 Be7 43. f4 Qb2+ 44. Kh3 Qf6 45. Bxg6 Bf8 46. Bxh5 Qf5+ 47. Bg4 Qxd5 48. Qd7+ Qxd7 49. Bxd7 Bd6 50. Kg4 Kf6 51. Kf3 Ke7 52. Bc8 Bc5 53. g4 Bb4 54. g5 Be1 55. Kg4 Bc3 56. h5 Kf7 57. h6 Bd4 58. Ba6 Bc3 59. Bc4+ Kf8 60. g6 1-0

[Event "Titled Tuesday intern op 26th Nov Late"]
[Site "Chess.com INT"]
[Date "2024.11.26"]
[Round "6"]
[White "Tang, Dylan"]
[Black "Gubajdullin, Alexey"]
[Result "1/2-1/2"]
[WhiteElo "2192"]
[BlackElo "2238"]
[PlyCount "141"]
[EventDate "2024.11.26"]
[EventType "swiss (blitz)"]
[EventRounds "11"]
[EventCountry "USA"]
[SourceTitle "CB49_2024"]
[SourceDate "2024.12.04"]
[SourceVersion "1"]
[SourceVersionDate "2024.12.04"]
[SourceQuality "1"]

1. e4 c5 2. Nf3 d6 3. Bb5+ Nd7 4. a4 Ngf6 5. Nc3 g6 6. a5 a6 7. Bc4 Bg7 8. Bxf7+ Kxf7 9. Ng5+ Kg8 10. Ne6 Qe8 11. Nc7 Qf7 12. Nxa8 Ne5 13. Nb6 Bg4 14. f3 Nxe4 15. Nxe4 Bxf3 16. gxf3 Nxf3+ 17. Ke2 Nd4+ 18. Kd3 d5 19. Nxc5 Qf5+ 20. Kc3 Nxc2+ 21. Kb3 Nxa1+ 22. Ka2 Nc2 23. Rf1 Nb4+ 24. Ka3 Nc2+ 25. Ka2 Nb4+ 26. Kb3 Qh3+ 27. Qf3 Qxf3+ 28. Rxf3 Nc6 29. Nxd5 Nd4+ 30. Kc4 Nxf3 31. Nxb7 Kf7 32. Nc5 Ne5+ 33. Kb3 Rc8 34. d4 Nc6 35. Bd2 Nxd4+ 36. Kc4 Nf3 37. Bc3 e6 38. Nb6 Rc6 39. Bxg7 Kxg7 40. Kb4 Nxh2 41. Nxa6 g5 42. Kb5 g4 43. Kxc6 g3 44. Nc5 g2 45. a6 g1Q 46. a7 Qg2+ 47. Kc7 Qg3+ 48. Kc8 Qd6 49. Ncd7 Qc6+ 50. Kb8 h5 51. a8Q Qxa8+ 52. Nxa8 h4 53. Ne5 h3 54. Kc7 Kf6 55. Kd6 Kf5 56. b4 Ng4 57. Nf3 e5 58. b5 Kf4 59. b6 Kxf3 60. b7 h2 61. b8Q h1Q 62. Qb7+ e4 63. Qf7+ Kg3 64. Nc7 e3 65. Nd5 Qe4 66. Qf1 Qe5+ 67. Kc6 e2 68. Qe1+ Kf3 69. Nc3 Nf2 70. Qxe2+ Qxe2 71. Nxe2 1/2-1/2

[Event "Titled Tuesday intern op 24th Sep Early"]
[Site "Chess.com INT"]
[Date "2024.09.24"]
[Round "3"]
[White "Shymanskyi, Oleksandr"]
[Black "Gubajdullin, Alexey"]
[Result "0-1"]
[WhiteElo "2284"]
[BlackElo "2238"]
[PlyCount "62"]
[EventDate "2024.09.24"]
[EventType "swiss (blitz)"]
[EventRounds "11"]
[EventCountry "USA"]
[SourceTitle "EXT 2025"]
[Source "ChessBase"]
[SourceDate "2024.10.14"]
[SourceVersion "1"]
[SourceVersionDate "2024.10.14"]
[SourceQuality "1"]

1. b3 Nf6 2. Bb2 g6 3. Bxf6 exf6 4. c4 d5 5. cxd5 Qxd5 6. Nc3 Qa5 7. a3 c6 8. b4 Qd8 9. g3 a5 10. b5 cxb5 11. Nxb5 a4 12. Bg2 Nc6 13. e3 Be7 14. Ne2 0-0 15. 0-0 Be6 16. Nbd4 Bd7 17. Nxc6 Bxc6 18. Bxc6 bxc6 19. d4 c5 20. d5 c4 21. Qd4 Qc7 22. Rfc1 Rfc8 23. e4 Bd6 24. Ra2 Be5 25. Qe3 Rab8 26. Nd4 Rb3 27. Nxb3 axb3 28. Re2 c3 29. f4 b2 30. fxe5 Qc5 31. Qxc5 bxc1Q+ 0-1

[Event "Titled Tuesday intern op 24th Sep Late"]
[Site "Chess.com INT"]
[Date "2024.09.24"]
[Round "8"]
[White "Yang, Kaiqi"]
[Black "Gubajdullin, Alexey"]
[Result "0-1"]
[WhiteElo "2481"]
[BlackElo "2238"]
[PlyCount "66"]
[EventDate "2024.09.24"]
[EventType "swiss (blitz)"]
[EventRounds "11"]
[EventCountry "USA"]
[SourceTitle "EXT 2025"]
[Source "ChessBase"]
[SourceDate "2024.10.14"]
[SourceVersion "1"]
[SourceVersionDate "2024.10.14"]
[SourceQuality "1"]

1. e4 c6 2. d4 d5 3. e5 Bf5 4. h4 h5 5. Bd3 Bxd3 6. Qxd3 Qa5+ 7. b4 Qa6 8. e6 Qxd3 9. cxd3 fxe6 10. Nf3 a5 11. b5 cxb5 12. Nc3 b4 13. Nb5 Na6 14. Bf4 g6 15. Ng5 Bh6 16. Be5 Nf6 17. Rc1 Kd7 18. Nf7 Rhc8 19. Rxc8 Rxc8 20. Ke2 Rc2+ 21. Kf3 Bc1 22. Bg3 a4 23. Ne5+ Ke8 24. Nxg6 b3 25. axb3 axb3 26. Re1 Ne4 27. dxe4 b2 28. exd5 b1Q 29. Rxe6 Qb3+ 30. Ke4 Re2+ 31. Kf5 Rxe6 32. dxe6 Qxb5+ 33. Be5 Qd3# 0-1

[Event "Titled Tuesday intern op 17th Sep Early"]
[Site "Chess,com INT"]
[Date "2024.09.17"]
[Round "10"]
[White "Bharath, Subramaniyam H"]
[Black "Gubajdullin, Alexey"]
[Result "1-0"]
[WhiteElo "2561"]
[BlackElo "2238"]
[PlyCount "55"]
[EventDate "2024.09.17"]
[EventType "swiss (blitz)"]
[EventRounds "11"]
[EventCountry "USA"]
[SourceTitle "EXT 2025"]
[Source "ChessBase"]
[SourceDate "2024.10.14"]
[SourceVersion "1"]
[SourceVersionDate "2024.10.14"]
[SourceQuality "1"]

1. d4 Nf6 2. Bf4 d6 3. Nc3 g6 4. e4 Bg7 5. Nf3 0-0 6. h3 c6 7. a4 a5 8. Be2 Na6 9. 0-0 Nb4 10. Qd2 d5 11. e5 Ne4 12. Nxe4 dxe4 13. Ng5 c5 14. c3 Nc6 15. d5 Nxe5 16. Nxe4 b6 17. Bh6 Bb7 18. Bxg7 Kxg7 19. c4 Nd7 20. Qc3+ Nf6 21. Rad1 Kg8 22. Nxf6+ exf6 23. d6 Re8 24. Bf3 Bxf3 25. Qxf3 Qd7 26. b3 Re6 27. Qxa8+ Kg7 28. Qb8 1-0

[Event "Titled Tuesday intern op 17th Sep Early"]
[Site "Chess,com INT"]
[Date "2024.09.17"]
[Round "6"]
[White "Corrales Jimenez, Fidel"]
[Black "Gubajdullin, Alexey"]
[Result "1-0"]
[WhiteElo "2567"]
[BlackElo "2238"]
[PlyCount "115"]
[EventDate "2024.09.17"]
[EventType "swiss (blitz)"]
[EventRounds "11"]
[EventCountry "USA"]
[SourceTitle "EXT 2025"]
[Source "ChessBase"]
[SourceDate "2024.10.14"]
[SourceVersion "1"]
[SourceVersionDate "2024.10.14"]
[SourceQuality "1"]

1. e4 c5 2. Nf3 d6 3. d4 cxd4 4. Nxd4 Nf6 5. Nc3 g6 6. Be3 Bg7 7. f3 h5 8. Qd2 a6 9. 0-0-0 b5 10. Kb1 Bb7 11. a4 b4 12. Na2 a5 13. Bb5+ Nbd7 14. c3 bxc3 15. Nxc3 0-0 16. Nb3 Qc7 17. Rc1 Rfc8 18. Nd5 Qd8 19. Rxc8 Bxc8 20. Rc1 Bb7 21. Nc7 Rc8 22. Qxa5 d5 23. Nxd5 Nxd5 24. Qxd8+ Rxd8 25. exd5 Bxd5 26. Nc5 Ne5 27. Ne4 h4 28. h3 Rb8 29. Ba7 Rb7 30. Rc8+ Kh7 31. Ng5+ Kh6 32. Be3 Kh5 33. Kc2 f6 34. Ne4 g5 35. Nc5 Rb6 36. b4 f5 37. Rd8 Bf7 38. Nd3 Re6 39. Nxe5 Rxe5 40. Bc5 Re1 41. a5 Ra1 42. a6 Ra2+ 43. Kd3 Bb3 44. a7 Bc2+ 45. Kc4 Bd1 46. Rxd1 e5 47. Bc6 e4 48. fxe4 f4 49. a8Q Rxa8 50. Bxa8 g4 51. hxg4+ Kxg4 52. e5 Bxe5 53. Bf3+ Kg3 54. Rd5 Bc7 55. Bg1 h3 56. Rg5+ Kh4 57. Rh5+ Kg3 58. Rxh3# 1-0